Word Ladder: Coop Troop Quiz Stats

 Plays Quiz Updated Sep 30, 2015

Challenge
Share
Tweet
Embed
Score 0/18 Timer 03:00
0 Plays Today
Clue 7-Letter Word % Correct
Female coop dweller•CHICKEN•
95.9%
Make something more dense, like soupTHICKEN
94.3%
Wider, more heavily builtTHICKER
90.7%
Stephen King novel about extreme weight lossTHINNER
90.1%
Famous Rodin statueTHINKER
90%
Male who protects the female coop dwellers•ROOSTER•
86.2%
Box or pot for flowersPLANTER
84.8%
One who brags about him/herselfBOASTER
84.7%
Machine for heating coffee beansROASTER
84.6%
Clue 7-Letter Word % Correct
Brought glasses together when toastingCLINKED
84.5%
Put seeds in soil to make them growPLANTED
84.2%
Made noise when rattling chainsCLANKED
80.7%
Became less dense, like a person's hair when baldingTHINNED
80.4%
Held a push-up for an extended period (like a fad from 2012)PLANKED
79.7%
Coating for walls and ceilingsPLASTER
79.3%
Held onto a violin with the lower part of one's faceCHINNED
78.6%
Gun used by Han SoloBLASTER
78.5%
Filled openings in a log cabin with caulkCHINKED
76.1%

Today's Daily Dose

You're not logged in!

Compare scores with friends on all Sporcle quizzes.
Join for Free
OR
Log In

You Might Also Like...

Show Comments

Extras

Top Quizzes Today


Score Distribution

Your Account Isn't Verified!

In order to create a playlist on Sporcle, you need to verify the email address you used during registration. Go to your Sporcle Settings to finish the process.

Report this User

Report this user for behavior that violates our Community Guidelines.

Details: